[Event "ICS rated blitz match"]
[Site "204.178.125.65"]
[Date "2000.08.31"]
[Round "?"]
[White "Dorky"]
[Black "Hossa"]
[Result "1-0"]
[WhiteElo "2411"]
[BlackElo "2521"]
[PlyCount "113"]
[EventDate "2000.??.??"]

1. d4 d5 2. c4 e6 3. Nc3 Nf6 4. Bg5 Be7 5. e3 O-O 6. Nf3 Nbd7 7. Qc2 c5 8. Rd1
cxd4 9. Rxd4 h6 10. Bf4 Bb4 11. Be2 Re8 12. Ne5 Nxe5 13. Bxe5 Ne4 14. O-O Nxc3
15. bxc3 Bf8 16. Qd2 Bc5 17. Rd3 Qb6 18. cxd5 exd5 19. Bd4 Be6 20. Bf3 Rac8 21.
Bxc5 Qxc5 22. Rc1 Qe7 23. Bxd5 Red8 24. Bxe6 fxe6 25. Rd1 Rxd3 26. Qxd3 Qc7 27.
Qe4 Kf7 28. Rd3 b5 29. g4 Rf8 30. f4 g6 31. Kf2 Qe7 32. Kg3 Rc8 33. Qe5 Qe8 34.
h4 Qc6 35. h5 gxh5 36. Qxh5+ Kg7 37. Qe5+ Kf7 38. Rd6 Qe8 39. Qe4 Qe7 40. Qh7+
Kf8 41. Qxh6+ Kf7 42. Qh5+ Kf8 43. Qh6+ Kf7 44. Ra6 Rg8 45. Qh5+ Kg7 46. f5
Qc7+ 47. Kf2 Qd7 48. Rxe6 Qd2+ 49. Kf3 Qd1+ 50. Kf4 Qd8 51. Rg6+ Kf8 52. Qh6+
Ke8 53. Rxg8+ Kd7 54. Rg7+ Qe7 55. Qe6+ Kd8 56. Rxe7 a5 57. Qd7# {
Hossa checkmated} 1-0

[Event "ICS rated blitz match"]
[Site "204.178.125.65"]
[Date "2000.08.31"]
[Round "?"]
[White "Hossa"]
[Black "Colorado"]
[Result "0-1"]
[WhiteElo "2500"]
[BlackElo "2669"]
[PlyCount "162"]
[EventDate "2000.??.??"]

1. e4 e5 2. Nf3 Nc6 3. Nc3 Bb4 4. Nd5 Ba5 5. c3 Nf6 6. Qa4 Bb6 7. Nxb6 cxb6 8.
d4 exd4 9. e5 Qe7 10. cxd4 O-O 11. Be2 Ne4 12. O-O d5 13. exd6 Qxd6 14. Rd1 Bd7
15. Ng5 Nxg5 16. Bxg5 Rfc8 17. Rac1 Qd5 18. Be3 Na5 19. Rxc8+ Rxc8 20. Qa3 Bf5
21. Bf3 Be4 22. Bxe4 Qxe4 23. Qd3 Qd5 24. b3 Nc6 25. a3 Na5 26. Rb1 f5 27. Bg5
Re8 28. Be3 f4 29. Bxf4 Nxb3 30. Be3 Na5 31. Rc1 Nc6 32. a4 Rd8 33. Qc4 Kf7 34.
g4 Qxc4 35. Rxc4 Ke6 36. Rc3 Rd7 37. Rd3 Ne5 38. Rd1 Nxg4 39. Bf4 Kd5 40. h3
Rf7 41. Bg3 Nf6 42. f3 Nh5 43. Kf2 Nxg3 44. Kxg3 Rc7 45. Rb1 Kxd4 46. Rd1+ Ke3
47. Re1+ Kd3 48. Rd1+ Ke2 49. Rd4 Ke3 50. Rh4 g6 51. Re4+ Kd3 52. h4 Rd7 53.
Kf4 Rd4 54. Ke5 Rd8 55. Kf4 Rd4 56. Ke5 Rc4 57. Kd5 Rc5+ 58. Ke6 Rf5 59. Kd7
Rxf3 60. Rb4 Ke3 61. Rb3+ Kf4 62. Rb4+ Kg3 63. h5 gxh5 64. Rb5 h4 65. Rg5+ Kf2
66. Rh5 h3 67. Rxh7 Kg2 68. Kc8 h2 69. Kxb7 Rh3 70. Rg7+ Kf1 71. Rf7+ Ke1 72.
Kxa7 h1=Q 73. Re7+ Kd2 74. Rd7+ Kc2 75. Rd8 Rh7+ 76. Kxb6 Qb7+ 77. Kc5 Rh5+ 78.
Kd4 Rf5 79. Rc8+ Qxc8 80. a5 Qc3+ 81. Ke4 Qe5# {Hossa checkmated} 0-1

[Event "ICS rated standard match"]
[Site "204.178.125.65"]
[Date "2000.08.31"]
[Round "?"]
[White "MAUDEVAN"]
[Black "Hossa"]
[Result "0-1"]
[WhiteElo "2039"]
[BlackElo "2348"]
[PlyCount "28"]
[EventDate "2000.??.??"]

1. e4 e5 2. Nf3 Nc6 3. Bc4 Nf6 4. Qe2 Bc5 5. Ng5 d5 6. exd5 Nxd5 7. Nxf7 Kxf7
8. Qf3+ Ke6 9. Nc3 Ncb4 10. Qe4 Rf8 11. O-O Rf4 12. Qe2 Kf7 13. d4 Rxd4 14.
Qxe5 Rxc4 {MAUDEVAN resigns} 0-1

[Event "ICS rated blitz match"]
[Site "204.178.125.65"]
[Date "2000.08.31"]
[Round "?"]
[White "Hossa"]
[Black "counterplay"]
[Result "1/2-1/2"]
[WhiteElo "2488"]
[BlackElo "2788"]
[PlyCount "95"]
[EventDate "2000.??.??"]

1. d4 f5 2. g3 Nf6 3. Nf3 e6 4. Bg2 d5 5. O-O Bd6 6. c4 c6 7. Ne5 O-O 8. Bf4
Nh5 9. Bd2 Nf6 10. Nc3 Bxe5 11. dxe5 Ng4 12. cxd5 cxd5 13. Qc2 Nc6 14. f4 Qb6+
15. Kh1 Nf2+ 16. Rxf2 Qxf2 17. e3 Nb4 18. Qc1 a5 19. a3 Nd3 20. Qc2 Nxf4 21.
gxf4 Kh8 22. Rf1 Qh4 23. Nb5 b6 24. Nc7 Rb8 25. b4 Bd7 26. bxa5 Rfc8 27. Rc1
Qd8 28. Kg1 Rb7 29. axb6 Rxb6 30. Ba5 Rc6 31. Qxc6 Bxc6 32. Rxc6 Qd7 33. Rxe6
Qa4 34. Bb6 Qd1+ 35. Bf1 d4 36. exd4 Qg4+ 37. Bg2 Qd1+ 38. Kf2 Qd2+ 39. Kg3
Qe1+ 40. Kf3 Qd1+ 41. Ke3 Qe1+ 42. Kd3 Qd1+ 43. Kc3 Qe1+ 44. Kb3 Qd1+ 45. Kc3
Qe1+ 46. Kb3 Qb1+ 47. Kc3 Qe1+ 48. Kb3 1/2-1/2

[Event "ICS rated blitz match"]
[Site "204.178.125.65"]
[Date "2000.08.31"]
[Round "?"]
[White "PostModernist"]
[Black "Hossa"]
[Result "1-0"]
[WhiteElo "2712"]
[BlackElo "2499"]
[PlyCount "99"]
[EventDate "2000.??.??"]

1. d4 Nf6 2. c4 c5 3. d5 g6 4. Nc3 Bg7 5. e4 d6 6. Bd3 e5 7. h3 Na6 8. Nf3 O-O
9. Bg5 b6 10. O-O Bd7 11. Qd2 Qc8 12. a3 Bxh3 13. gxh3 Qxh3 14. Ne1 h6 15. Bxf6
Bxf6 16. Qe2 Bg5 17. Qf3 Qd7 18. Qg2 Bd2 19. Ne2 Nc7 20. Nf3 Ba5 21. Ng3 Qg4
22. Be2 Qd7 23. Rfb1 Na6 24. b4 cxb4 25. c5 dxc5 26. Bxa6 bxa3 27. Nf5 Kh7 28.
Ng5+ Kh8 29. Bb5 Qd8 30. Nxh6 Qf6 31. Rxa3 Bd2 32. Rh3 Kg7 33. Nh7 Kxh7 34.
Ng4+ Kg7 35. Nxf6 Kxf6 36. Ra3 a5 37. Rd3 Bf4 38. d6 Rfd8 39. Qg4 Rab8 40. Qh4+
Kg7 41. Qe7 a4 42. Bc4 Rf8 43. d7 Rbd8 44. Rxb6 a3 45. Qf6+ Kh7 46. Rh3+ Bh6
47. Bxf7 Rg8 48. Bxg6+ Rxg6+ 49. Qxg6+ Kh8 50. Rxh6# {Hossa checkmated} 1-0

[Event "ICS rated blitz match"]
[Site "204.178.125.65"]
[Date "2000.08.31"]
[Round "?"]
[White "Hossa"]
[Black "PostModernist"]
[Result "1-0"]
[WhiteElo "2492"]
[BlackElo "2719"]
[PlyCount "127"]
[EventDate "2000.??.??"]

1. d4 Nf6 2. c4 e6 3. Nf3 b6 4. g3 Bb4+ 5. Nc3 Bb7 6. a3 Bxc3+ 7. bxc3 O-O 8.
Bg2 Nc6 9. Nd2 Na5 10. e4 Qe7 11. O-O e5 12. Re1 Qe6 13. f4 exf4 14. gxf4 Qc6
15. Qe2 Rfe8 16. Bb2 Rab8 17. Qf1 Qa4 18. Qd3 Ba6 19. Bf1 b5 20. c5 Nc4 21. Bc1
d6 22. cxd6 Nxd6 23. Rb1 Bc8 24. Bg2 Bb7 25. Rb4 Qa6 26. Re2 Bc8 27. Bf3 Qb6
28. a4 a5 29. Rb1 Ba6 30. e5 bxa4 31. Rxb6 Bxd3 32. Rxb8 Rxb8 33. Re3 Bb5 34.
exf6 gxf6 35. Ba3 Nf5 36. Re1 Kh8 37. Be4 Rg8+ 38. Kf2 Nh6 39. Bf3 Ng4+ 40.
Bxg4 Rxg4 41. Re7 Rxf4+ 42. Ke3 Rh4 43. Nf3 Rh5 44. Rxc7 Bf1 45. Rxf7 Bg2 46.
Rxf6 Kg7 47. Rf4 Bxf3 48. Rxf3 Rxh2 49. c4 Ra2 50. Ke4 h5 51. Bd6 Rb2 52. Be5+
Kh6 53. Rg3 Kh7 54. Rg7+ Kh6 55. Ra7 Kg5 56. Rxa5 h4 57. Rxa4 h3 58. Ra8 Rg2
59. Bf4+ Kg6 60. Rg8+ Kf6 61. Rxg2 hxg2 62. Bh2 Kg6 63. Kf3 Kf7 64. Kxg2 1-0

[Event "ICS rated blitz match"]
[Site "204.178.125.65"]
[Date "2000.08.31"]
[Round "?"]
[White "Hossa"]
[Black "PostModernist"]
[Result "1-0"]
[WhiteElo "2517"]
[BlackElo "2696"]
[PlyCount "107"]
[EventDate "2000.??.??"]

1. e4 e6 2. d4 d5 3. e5 c5 4. c3 Nc6 5. Nf3 Bd7 6. a3 Qc7 7. Bd3 f6 8. Bf4 c4
9. Bc2 O-O-O 10. Nbd2 Qb6 11. b3 g5 12. Bg3 g4 13. Ng1 fxe5 14. dxe5 cxb3 15.
Nxb3 h5 16. h3 h4 17. Bf4 gxh3 18. Rxh3 Bg7 19. Be3 Qa6 20. f4 Bf8 21. Bd3 Qa4
22. Rb1 b6 23. g3 Nh6 24. Rxh4 Be7 25. Rh2 Rdg8 26. Rh3 Qxa3 27. Bc1 Qa2 28.
Rb2 Qa4 29. Rbh2 Bf8 30. Be3 Bg7 31. Qb1 Na5 32. Nxa5 Qxa5 33. Ra2 Ba4 34. Qa1
b5 35. Bxb5 Qxb5 36. Rxa4 Ng4 37. Rxh8 Rxh8 38. Bxa7 Qd3 39. Bf2 Nxf2 40. Ra8+
Kb7 41. Qa7+ Kc6 42. Rxh8 Bxh8 43. Ne2 Qe4 44. Qa6+ Kd7 45. Qd6+ Ke8 46. Qxe6+
Kf8 47. Kxf2 Bg7 48. g4 Qc4 49. g5 Qc5+ 50. Kf3 Qb5 51. g6 Qe8 52. Qxe8+ Kxe8
53. Nd4 Kd7 54. Nf5 1-0

[Event "ICS rated blitz match"]
[Site "204.178.125.65"]
[Date "2000.08.31"]
[Round "?"]
[White "PostModernist"]
[Black "Hossa"]
[Result "1-0"]
[WhiteElo "2674"]
[BlackElo "2541"]
[PlyCount "125"]
[EventDate "2000.??.??"]

1. e4 Nc6 2. d4 e5 3. dxe5 Nxe5 4. f4 Nc6 5. Be3 Bb4+ 6. c3 Ba5 7. b4 Bb6 8.
Bxb6 axb6 9. Nf3 Nf6 10. e5 Ng4 11. Bd3 d5 12. Qe2 Bd7 13. h3 Nh6 14. Ng5 Qe7
15. Bxh7 Nf5 16. Bxf5 Bxf5 17. O-O f6 18. Nf3 O-O-O 19. Nbd2 fxe5 20. fxe5 Rdf8
21. Qe3 Qf7 22. Nd4 Nxd4 23. cxd4 Kb8 24. Rf3 Qd7 25. Raf1 Rf7 26. R3f2 b5 27.
g4 Be6 28. Rxf7 Bxf7 29. Kg2 Qe7 30. Qc3 Be8 31. Nf3 Bg6 32. Qc5 Qd7 33. Nd2
Bf7 34. Rc1 Rh6 35. Qf8+ Be8 36. Nf3 Ra6 37. Rc2 Rh6 38. Ng5 Rg6 39. e6 Qc8 40.
Qe7 Rf6 41. Qxg7 Rg6 42. Qe5 Qd8 43. e7 Qc8 44. Kg3 Ra6 45. Qxd5 Bd7 46. Kf4
Rb6 47. Qe5 Ra6 48. Ne4 Be8 49. d5 Bf7 50. d6 Rc6 51. Rxc6 bxc6 52. dxc7+ Qxc7
53. Nd6 Bg6 54. Qh8+ Ka7 55. Qd8 Qxd6+ 56. Qxd6 Bf7 57. Qc7+ Ka8 58. Ke3 c5 59.
bxc5 Be8 60. c6 Bxc6 61. Qxc6+ Ka7 62. e8=Q b4 63. Qea8# {Hossa checkmated} 1-0

[Event "ICS rated blitz match"]
[Site "204.178.125.65"]
[Date "2000.09.01"]
[Round "?"]
[White "Grettir"]
[Black "Hossa"]
[Result "1/2-1/2"]
[WhiteElo "2469"]
[BlackElo "2531"]
[PlyCount "29"]
[EventDate "2000.??.??"]

1. d4 Nf6 2. Nf3 e6 3. Bg5 c5 4. e3 d5 5. c3 Be7 6. Bd3 c4 7. Bc2 h6 8. Bh4 Nc6
9. Nbd2 b5 10. O-O Bb7 11. Bg3 Nh5 12. Be5 Nf6 13. Bg3 Nh5 14. Be5 Nf6 15. Bg3
1/2-1/2

[Event "ICS rated blitz match"]
[Site "204.178.125.65"]
[Date "2000.09.01"]
[Round "?"]
[White "Hossa"]
[Black "Lippy"]
[Result "0-1"]
[WhiteElo "2528"]
[BlackElo "2823"]
[PlyCount "146"]
[EventDate "2000.??.??"]

1. e4 d5 2. exd5 Qxd5 3. Nc3 Qd6 4. d4 Nf6 5. Nf3 c6 6. Be2 e6 7. O-O Be7 8.
Bd3 O-O 9. Ne2 Nd5 10. c4 Nb4 11. Be4 Qd8 12. a3 f5 13. Bb1 N4a6 14. Bf4 c5 15.
d5 exd5 16. cxd5 Bd6 17. Bd3 Re8 18. Bg5 Qc7 19. Nc3 Bd7 20. Qc2 Rf8 21. b3 Rf7
22. Rfe1 h6 23. Bd2 Rf8 24. Be3 Qd8 25. Rad1 Nc7 26. Re2 Qf6 27. Bc4 b5 28. Bd3
Qf7 29. Qc1 Kh7 30. Bc2 Re8 31. Qd2 b4 32. axb4 cxb4 33. Na4 Kg8 34. Bc5 Rxe2
35. Qxe2 Qf8 36. Bxd6 Qxd6 37. Qd2 Bxa4 38. bxa4 Nba6 39. Bxf5 b3 40. Qe3 b2
41. Nd2 Re8 42. Be4 Qb4 43. Qf4 Rf8 44. Qg4 Re8 45. Qg6 Re5 46. Qh7+ Kf8 47.
Bg6 Qxd2 48. Qh8+ Ke7 49. Qxg7+ Kd8 50. Qf6+ Kc8 51. Qf5+ Kb8 52. Qb1 Qc3 53.
d6 Ne6 54. d7 Nd8 55. Rf1 Rd5 56. Qe4 Rxd7 57. Qf4+ Nc7 58. Qxh6 Rd6 59. Qh7
Qc6 60. Bc2 Rd2 61. Bd1 Qc4 62. Bf3 Rc2 63. Qd7 Nde6 64. Rd1 Rc1 65. Qh7 Qb4
66. Qh8+ Nf8 67. Qxb2 Rxd1+ 68. Bxd1 Qxb2 69. Kf1 Nd5 70. a5 Qd2 71. Ba4 Nf4
72. Bc2 Qc1+ 73. Bd1 Qxd1# {Hossa checkmated} 0-1

[Event "ICS rated blitz match"]
[Site "204.178.125.65"]
[Date "2000.09.01"]
[Round "?"]
[White "Lippy"]
[Black "Hossa"]
[Result "1-0"]
[WhiteElo "2828"]
[BlackElo "2523"]
[PlyCount "159"]
[EventDate "2000.??.??"]

1. d4 f5 2. Nc3 Nf6 3. Bf4 e6 4. d5 d6 5. dxe6 Bxe6 6. e3 Nc6 7. Qf3 Qd7 8. Bb5
Bf7 9. Bg5 Bh5 10. Qf4 Be7 11. Bd3 Bg6 12. Nf3 O-O-O 13. O-O-O Ng4 14. Bxe7
Nxe7 15. Rd2 Kb8 16. Bb5 Qc8 17. Rhd1 Nf6 18. Qb4 Bh5 19. Be2 Qd7 20. Bb5 Qc8
21. Be2 Qd7 22. Kb1 Nc6 23. Qf4 Rde8 24. Bd3 g6 25. h4 Qe7 26. Rh1 Rhf8 27. Ng5
h6 28. Nh3 Ne4 29. Bxe4 fxe4 30. Qxh6 Qxh4 31. Qg5 Qg4 32. Qxg4 Bxg4 33. Ng5
Bf5 34. b3 Rh8 35. Rxh8 Rxh8 36. Ncxe4 Rh2 37. g3 Rh1+ 38. Kb2 b5 39. Nf6 Kb7
40. a3 Bc8 41. f3 a5 42. e4 Rg1 43. g4 Rh1 44. f4 Rf1 45. Nh3 b4 46. Rf2 Rh1
47. Ng5 Kb8 48. f5 Ne5 49. axb4 axb4 50. Nf3 Nxf3 51. Rxf3 g5 52. Nh5 Ka7 53.
Rf2 Kb6 54. f6 Be6 55. f7 Bxf7 56. Rxf7 Rg1 57. Nf6 c6 58. Nd7+ Ka6 59. e5 dxe5
60. Nxe5 c5 61. Rf5 Rd1 62. Nd3 Kb6 63. Rxg5 Rd2 64. Rd5 Rd1 65. g5 Rg1 66.
Rxc5 Rg4 67. Rf5 Ka6 68. Rf6+ Kb7 69. g6 Kc7 70. Nf4 Kd7 71. Nh5 Ke7 72. Rb6
Rd4 73. Rb8 Rd5 74. g7 Rxh5 75. g8=Q Rh2 76. Re8+ Kf6 77. Re6+ Kf5 78. Qf7+ Kg4
79. Rg6+ Kh4 80. Qh7# {Hossa checkmated} 1-0

[Event "ICS rated blitz match"]
[Site "204.178.125.65"]
[Date "2000.09.01"]
[Round "?"]
[White "Hossa"]
[Black "PostModernist"]
[Result "0-1"]
[WhiteElo "2518"]
[BlackElo "2685"]
[PlyCount "88"]
[EventDate "2000.??.??"]

1. d4 Nf6 2. c4 e6 3. Nf3 d5 4. Bg5 Be7 5. Nc3 O-O 6. e3 h6 7. Bh4 Ne4 8. Bxe7
Qxe7 9. Bd3 Nxc3 10. bxc3 dxc4 11. Bxc4 b6 12. O-O Bb7 13. Qe2 c5 14. Rac1 Rd8
15. Bb5 Qf6 16. Ne5 a6 17. Ba4 b5 18. Bd1 Nd7 19. Nxd7 Rxd7 20. Qg4 Rc8 21. Bb3
Rdc7 22. Ra1 cxd4 23. cxd4 a5 24. Rab1 a4 25. Bd1 Bd5 26. Be2 Bxa2 27. Rxb5 a3
28. Ra5 Qe7 29. Qf4 Rc1 30. e4 Rxf1+ 31. Bxf1 Bb1 32. d5 a2 33. d6 Qb7 34. Qh4
Rc1 35. Qd8+ Kh7 36. h3 Qxe4 37. Ra8 Bd3 38. Qg8+ Kg6 39. Qxf7+ Kxf7 40. Ra7+
Kf6 41. Ra4 Rxf1+ 42. Kh2 Qe5+ 43. f4 Qe1 44. Rxa2 Rh1# {Hossa checkmated} 0-1

[Event "ICS rated blitz match"]
[Site "204.178.125.65"]
[Date "2000.09.01"]
[Round "?"]
[White "PostModernist"]
[Black "Hossa"]
[Result "1-0"]
[WhiteElo "2694"]
[BlackElo "2509"]
[PlyCount "83"]
[EventDate "2000.??.??"]

1. d4 Nf6 2. c4 e6 3. Nf3 d5 4. Nc3 Be7 5. Bf4 O-O 6. e3 c5 7. dxc5 Bxc5 8. Be2
Ne4 9. Qc2 Nxc3 10. Qxc3 Nc6 11. O-O-O Bb4 12. Qc2 Be7 13. a3 Kh8 14. h4 Qa5
15. cxd5 exd5 16. Kb1 Bxa3 17. Ng5 f5 18. bxa3 Qxa3 19. Qb2 Qc5 20. Bf3 Nb4 21.
Be5 Qe7 22. Bxg7+ Qxg7 23. Qxb4 h6 24. Bxd5 a5 25. Qc4 Qe7 26. Nf7+ Kh7 27. Rh3
Ra6 28. Ng5+ Kh8 29. Qd4+ Raf6 30. Rc1 a4 31. Nf7+ Kh7 32. Rc7 R6xf7 33. Rxe7
Rxe7 34. Rg3 Rd7 35. Qb6 Rg7 36. Rxg7+ Kxg7 37. h5 Rf6 38. Qc7+ Bd7 39. Qxd7+
Kh8 40. Qc8+ Rf8 41. Qxf8+ Kh7 42. Qg8# {Hossa checkmated} 1-0

[Event "ICS rated blitz match"]
[Site "204.178.125.65"]
[Date "2000.09.01"]
[Round "?"]
[White "Hossa"]
[Black "PostModernist"]
[Result "1/2-1/2"]
[WhiteElo "2501"]
[BlackElo "2702"]
[PlyCount "244"]
[EventDate "2000.??.??"]

1. d4 Nf6 2. c4 e6 3. Nc3 Bb4 4. Qc2 c5 5. dxc5 O-O 6. a3 Bxc5 7. Nf3 Nc6 8. e3
d5 9. cxd5 exd5 10. Bb5 d4 11. Bxc6 dxc3 12. Qxc3 Bd6 13. Ba4 Bg4 14. b4 Bxf3
15. gxf3 a5 16. b5 Qd7 17. Bb2 Qf5 18. Rg1 Kh8 19. f4 Rfe8 20. Qc4 Qxf4 21.
Qxf4 Bxf4 22. Bxf6 gxf6 23. h3 Bh2 24. Rh1 Be5 25. O-O-O Rac8+ 26. Bc2 Rc5 27.
b6 Rc6 28. Rhg1 Rec8 29. Rd2 Bd6 30. a4 Bb4 31. Re2 Rxb6 32. f3 Bc5 33. Rgg2
Re8 34. Be4 Rb4 35. Kd2 Rxa4 36. Bxb7 Ra2+ 37. Kd1 Rxe2 38. Kxe2 Rxe3+ 39. Kd1
a4 40. Bd5 Rd3+ 41. Rd2 Rxd2+ 42. Kxd2 Kg7 43. Be4 a3 44. Kc2 h6 45. Kb3 Kf8
46. Ka2 Ke7 47. f4 Ke6 48. h4 f5 49. Bc6 Bd6 50. h5 Kf6 51. Bd5 Be7 52. Kb1 Kg7
53. Ka2 Bf8 54. Kb3 Kf6 55. Ka2 Bb4 56. Kb3 Be7 57. Bc4 Bf8 58. Ka2 Bb4 59. Bd5
Bd6 60. Kb3 Bc5 61. Ba8 Ke6 62. Ka2 Bf8 63. Bb7 Be7 64. Bf3 Kf6 65. Ba8 Bd8 66.
Kxa3 Bc7 67. Kb3 Bxf4 68. Bd5 Bg3 69. Kc4 Kg5 70. Bxf7 f4 71. Kd3 f3 72. Ke3 f2
73. Ke2 Bh4 74. Be8 Kf4 75. Bc6 Kg4 76. Bf3+ Kg3 77. Kf1 Bf6 78. Bd5 Bd4 79.
Bc4 Be3 80. Bd5 Kg4 81. Bf3+ Kg5 82. Kg2 Bc5 83. Be2 Bd4 84. Kf3 Ba7 85. Kg2
Bb6 86. Bf3 Kf4 87. Bd5 Bc5 88. Bc6 Kg5 89. Bf3 Bd4 90. Be2 Kf4 91. Bb5 Be3 92.
Bc6 Bc5 93. Bd5 Bd4 94. Bc4 Be3 95. Bd3 Kg5 96. Be2 Ba7 97. Bd1 Kf4 98. Be2 Bb6
99. Bd3 Kg5 100. Be2 Kf5 101. Bd3+ Kf6 102. Be2 Ba7 103. Bd3 Bc5 104. Bf1 Ke5
105. Kf3 Kf5 106. Kg2 Kg4 107. Be2+ Kh4 108. Bd1 Bd4 109. Be2 Be3 110. Bf3 Bd4
111. Be2 Bb6 112. Bd1 Bc5 113. Be2 Ba7 114. Bd1 Bb6 115. Bf3 Be3 116. Bd1 Bb6
117. Bf3 Kg5 118. Be2 Kf6 119. Bd3 Ba7 120. Kg3 Ke5 121. Kf3 Bc5 122. Bf1 Bd6
1/2-1/2

[Event "ICS rated blitz match"]
[Site "204.178.125.65"]
[Date "2000.09.01"]
[Round "?"]
[White "PostModernist"]
[Black "Hossa"]
[Result "1/2-1/2"]
[WhiteElo "2694"]
[BlackElo "2509"]
[PlyCount "105"]
[EventDate "2000.??.??"]

1. d4 Nf6 2. c4 e6 3. Nf3 d5 4. Nc3 Be7 5. g3 dxc4 6. Bg2 Nc6 7. Qa4 Nd7 8.
Qxc4 Nb6 9. Qd3 Nb4 10. Qd1 c5 11. dxc5 Qxd1+ 12. Kxd1 Bxc5 13. a3 N4d5 14. Ne4
Be7 15. Bg5 f6 16. Bd2 Nc4 17. Kc2 O-O 18. Nc3 Bc5 19. e3 Nc7 20. Rad1 e5 21.
Ne4 Be7 22. Bc3 Bf5 23. Nh4 Bg4 24. Bf3 Be6 25. g4 g6 26. Nd2 Nxd2 27. Kxd2 Bb3
28. Rc1 Nd5 29. Bxd5+ Bxd5 30. Rhg1 Rfd8 31. Ke2 Bc4+ 32. Kf3 Bb3 33. e4 Rd3+
34. Kg2 Be6 35. h3 Bb3 36. Nf3 Rad8 37. g5 Bd1 38. Ne1 R3d7 39. gxf6 Bxf6 40.
f4 Re7 41. Nd3 Bf3+ 42. Kxf3 Rxd3+ 43. Kg2 Kf7 44. Rgf1 Ke6 45. Bb4 Rg7 46. Rc2
exf4 47. Rxf4 Bd4 48. Rf8 Rb3 49. Re8+ Kd7 50. Ra8 Ke6 51. Re8+ Kd7 52. Rb8 Ke6
53. Re8+ 1/2-1/2

[Event "ICS rated blitz match"]
[Site "204.178.125.65"]
[Date "2000.09.01"]
[Round "?"]
[White "Hossa"]
[Black "PostModernist"]
[Result "0-1"]
[WhiteElo "2517"]
[BlackElo "2680"]
[PlyCount "206"]
[EventDate "2000.??.??"]

1. d4 Nf6 2. c4 e6 3. Nf3 d5 4. Nc3 Be7 5. Bf4 c5 6. cxd5 exd5 7. e3 Nc6 8.
dxc5 O-O 9. Bd3 Bxc5 10. O-O d4 11. Na4 Bd6 12. Bxd6 Qxd6 13. Nc3 Bg4 14. Nb5
Qd7 15. Nbxd4 Nxd4 16. exd4 Rad8 17. Be2 Bxf3 18. Bxf3 Qxd4 19. Qxd4 Rxd4 20.
Rfc1 b5 21. Rc7 a6 22. Ra7 Rd6 23. g3 Re8 24. b4 Nd7 25. Bb7 Nb8 26. a4 bxa4
27. Bf3 Rd3 28. Bg2 a3 29. Bf1 Rc3 30. Bxa6 Re4 31. Bb7 Rc7 32. b5 Ree7 33. Rd1
Red7 34. Re1 Kf8 35. Rxa3 Rxb7 36. Rc3 g6 37. Rb1 Kg7 38. Kg2 Rd5 39. Rcb3 Nd7
40. h4 Ne5 41. Rb4 Rb6 42. g4 h5 43. gxh5 Nd3 44. R4b3 gxh5 45. f3 Rd4 46. Rg1
Nf4+ 47. Kf2+ Kf6 48. Ra1 Nd5 49. Kg3 Rb4 50. Rxb4 Nxb4 51. Ra5 Nd5 52. Ra6 Kf5
53. Ra7 f6 54. Ra5 Nc3 55. Ra3 Nxb5 56. Rb3 Rb7 57. Rd3 Rg7+ 58. Kf2 Nc7 59.
Rd8 Ne6 60. Rd5+ Kg6 61. Rd6 Re7 62. Kf1 Nf4 63. Rd4 Kf5 64. Rd2 Rg7 65. Rh2
Ke5 66. Ra2 Rg3 67. Ra5+ Kd4 68. Kf2 Rg2+ 69. Kf1 Rh2 70. Kg1 Rxh4 71. Kf2 Rh1
72. Ra4+ Ke5 73. Ra5+ Nd5 74. Ra4 Rb1 75. Kg3 Rb4 76. Ra5 h4+ 77. Kh3 Rc4 78.
Ra2 Kf4 79. Ra5 Ne3 80. Kxh4 Rc8 81. Kh5 Rg8 82. Ra6 f5 83. Ra5 Kg3 84. f4 Kxf4
85. Ra2 Kg3 86. Ra1 f4 87. Rg1+ Ng2 88. Kh6 f3 89. Kh7 f2 90. Ra1 Rf8 91. Kg7
f1=Q 92. Ra3+ Ne3 93. Rxe3+ Qf3 94. Rxf3+ Rxf3 95. Kh7 Rf6 96. Kg7 Rf4 97. Kh7
Rg4 98. Kh8 Kh4 99. Kh7 Kh5 100. Kh8 Kg6 101. Kg8 Rg5 102. Kh8 Re5 103. Kg8
Re8# {Hossa checkmated} 0-1

[Event "ICS rated blitz match"]
[Site "204.178.125.65"]
[Date "2000.09.01"]
[Round "?"]
[White "PostModernist"]
[Black "Hossa"]
[Result "1-0"]
[WhiteElo "2689"]
[BlackElo "2508"]
[PlyCount "69"]
[EventDate "2000.??.??"]

1. d4 Nf6 2. c4 e6 3. Nf3 d5 4. g3 Be7 5. Bg2 dxc4 6. O-O Nc6 7. Qa4 O-O 8.
Qxc4 Nd7 9. Nc3 Nb6 10. Qd3 Nb4 11. Qe4 f5 12. Qb1 Nc6 13. Rd1 Bf6 14. Bf4 a6
15. Ne5 Nxd4 16. e3 g5 17. Bxg5 Bxg5 18. exd4 f4 19. g4 Rb8 20. Rd3 Bh6 21. Rh3
Qf6 22. Ne4 Qg7 23. g5 Bxg5 24. Nxg5 h6 25. Ngf3 Bd7 26. Rh4 h5 27. Rxh5 Rf5
28. Nxd7 Qxd7 29. Ng5 Qb5 30. Nxe6 Qxb2 31. Qxf5 Qxa1+ 32. Bf1 Qb1 33. Rg5+ Kh8
34. Qe5+ Kh7 35. Qg7# {Hossa checkmated} 1-0

[Event "ICS rated bullet match"]
[Site "204.178.125.65"]
[Date "2000.09.01"]
[Round "?"]
[White "Hossa"]
[Black "PostModernist"]
[Result "1/2-1/2"]
[WhiteElo "2482"]
[BlackElo "2531"]
[PlyCount "139"]
[EventDate "2000.??.??"]

1. d4 Nf6 2. c4 c5 3. d5 g6 4. Nc3 Bg7 5. e4 d6 6. Bd3 a6 7. Nge2 O-O 8. h3
Nbd7 9. b3 b5 10. Bg5 b4 11. Na4 Ne8 12. Rb1 Ne5 13. Bc2 Nf6 14. O-O Qe8 15.
Nb6 Rb8 16. Nxc8 Rxc8 17. Qd2 Rd8 18. Rbd1 Rb8 19. Bh6 Bxh6 20. Qxh6 Kh8 21.
Rfe1 Ng8 22. Qh4 Nf6 23. Ng3 Ned7 24. Qh6 Ng8 25. Qf4 Ngf6 26. Qg5 Rd8 27. Rd2
Rc8 28. h4 Ne5 29. Bd1 Qd7 30. h5 Neg4 31. h6 Ne5 32. f4 Nfg4 33. fxe5 Nxe5 34.
Rf1 Rfd8 35. Rc2 Qe8 36. Rcf2 Rc7 37. Bc2 Rb7 38. Qd2 Qf8 39. Qf4 f6 40. Ne2
Nf7 41. Qg3 Qxh6 42. Nf4 Ng5 43. Qg4 Re8 44. Bd3 Rd8 45. Bb1 Rf8 46. Re1 Rbb8
47. Bd3 Rbe8 48. Ref1 Rb8 49. Qd7 Rfe8 50. Qa7 Ra8 51. Qb7 Kg8 52. Qd7 Qh4 53.
Ne6 Nh3+ 54. gxh3 Qg3+ 55. Rg2 Qe3+ 56. Kh2 Qxd3 57. Rxf6 Qxe4 58. Rgf2 Qe5+
59. R6f4 Kh8 60. h4 Rac8 61. Qa4 Rf8 62. Qxa6 Rxf4 63. Rxf4 Rf8 64. Kh3 Qe3+
65. Kg2 Qd2+ 66. Kf3 Qd3+ 67. Kg2 Qd2+ 68. Kf3 Qd3+ 69. Kg2 Qd2+ 70. Kf3
1/2-1/2

[Event "ICS rated standard match"]
[Site "204.178.125.65"]
[Date "2000.09.01"]
[Round "?"]
[White "Hossa"]
[Black "PostModernist"]
[Result "1/2-1/2"]
[WhiteElo "2353"]
[BlackElo "2420"]
[PlyCount "113"]
[EventDate "2000.??.??"]

1. d4 Nf6 2. c4 e6 3. Nf3 d5 4. g3 dxc4 5. Bg2 a6 6. O-O Nc6 7. e3 Bd7 8. Nbd2
b5 9. Ne5 Nd5 10. Nxd7 Qxd7 11. a4 Rd8 12. Ne4 Bb4 13. Bd2 Bxd2 14. Qxd2 O-O
15. Nc5 Qc8 16. axb5 axb5 17. Ra6 Rd6 18. Rfa1 Ndb4 19. Bxc6 Nxc6 20. Qc3 Ne7
21. Qa5 Rxa6 22. Nxa6 c6 23. Nc5 Nd5 24. Qa6 Qxa6 25. Rxa6 Rc8 26. Kg2 h5 27.
Ra7 c3 28. bxc3 Nxc3 29. Nd3 Nd5 30. h4 Kf8 31. e4 Ne7 32. Nc5 Ng6 33. f4 Rd8
34. Ra6 Rxd4 35. Rxc6 Kg8 36. Rb6 Rb4 37. Rb8+ Kh7 38. Rb7 e5 39. f5 Nh8 40.
Nd7 Rxe4 41. Rxb5 f6 42. Rb7 Kh6 43. Rb8 Kh7 44. Nf8+ Kh6 45. Ne6 Kh7 46. Rb7
Rg4 47. Nf8+ Kh6 48. Kf2 Rc4 49. Ne6 Rg4 50. Ra7 Kh7 51. Rd7 Kg8 52. Rd8+ Kh7
53. Nf8+ Kh6 54. Ne6 Kh7 55. Nf8+ Kh6 56. Ne6 Kh7 57. Nf8+ 1/2-1/2

[Event "ICS rated blitz match"]
[Site "204.178.125.65"]
[Date "2000.09.01"]
[Round "?"]
[White "PostModernist"]
[Black "Hossa"]
[Result "1-0"]
[WhiteElo "2684"]
[BlackElo "2496"]
[PlyCount "169"]
[EventDate "2000.??.??"]

1. e4 d5 2. Nc3 dxe4 3. Nxe4 Nd7 4. Bc4 Ne5 5. Bb3 a5 6. d4 a4 7. dxe5 Qxd1+ 8.
Kxd1 axb3 9. cxb3 Be6 10. Kc2 Bf5 11. f3 Ra5 12. Bf4 Rc5+ 13. Kd2 Rd5+ 14. Ke2
e6 15. Rc1 c6 16. g4 Bxe4 17. fxe4 Rd4 18. Ke3 Rd7 19. Ne2 h5 20. g5 b6 21.
Rhd1 Bc5+ 22. Kf3 Ne7 23. b4 Bxb4 24. Rxd7 Kxd7 25. a3 Bxa3 26. bxa3 Ra8 27.
Rc3 c5 28. Rd3+ Kc7 29. Nc3 c4 30. Rd4 Rxa3 31. Rxc4+ Kb7 32. Be3 Nc6 33. Kf4
Ra5 34. Na4 Nxe5 35. Nxb6 Rb5 36. Rc3 Ng6+ 37. Kf3 Rxb6 38. Bxb6 Kxb6 39. Rc8
Ne5+ 40. Kf4 Nd3+ 41. Kg3 Nc5 42. Kf3 Nd7 43. Kf4 g6 44. h4 Kb7 45. Re8 Kc6 46.
Re7 Kc7 47. Rxf7 Kd6 48. Ke3 Ne5 49. Ra7 Kc5 50. Ra6 Nc6 51. Kf4 Nd4 52. Ra8
Nc6 53. Rg8 Ne7 54. Re8 Kd6 55. Rd8+ Kc7 56. Ra8 Nc6 57. Rg8 Ne7 58. Rf8 Kd6
59. Rb8 Nc6 60. Rb7 e5+ 61. Ke3 Ke6 62. Kf2 Ne7 63. Rb6+ Kd7 64. Rf6 Ke8 65.
Re6 Kd8 66. Rxe5 Kd7 67. Rb5 Nc6 68. Kg3 Kd6 69. Kf4 Kd7 70. Rb6 Ne7 71. Ke5
Kc7 72. Rd6 Nc8 73. Rxg6 Ne7 74. Rg7 Kd7 75. Kf6 Kd6 76. e5+ Kd5 77. Rxe7 Ke4
78. g6 Kf4 79. g7 Kg4 80. g8=Q+ Kf3 81. Ra7 Ke2 82. Qb3 Kf1 83. Ra1+ Ke2 84.
Ra2+ Kf1 85. Qb1# {Hossa checkmated} 1-0